000 01403nam a2200373 c 4500
003 BLK
005 20240626092500.0
008 180408b bul|||||r ||||||| ||bul||
010 _aKNG00063310000
040 _aBLK
041 _aBUL
_cBUL
080 _aФизика
_b53
_x
_z53
100 1 _aГамов, Джордж
_eпърви автор
_950856
700 1 _aЯнков, Росен
_eпрев. от англ.
_9288787
139 _aГамов, Джордж
_bГ 18
245 1 0 _aПриключенията на мистър Томпкинс
_bНаучнопопул. четиво за съвр. физика
_cДжордж Гамов; прев. от англ. Росен Янков.
257 _aGBR
260 София
_bНаука и изкуство
_c1989
300 _a247 с.
_c17 см
380 _a5
500 _aОриг. загл. Mr Tompkins in Paperback / G. Gamow.
650 4 _aФизика
_9175234
650 4 _aКвантова механика
_9273989
650 4 _aТеория на относителността
_9251037
653 _aфизика
653 _aквантова механика
653 _aтеория на относителността
852 _aЦб І 24522
856 4 _qpdf
_u
856 4 _qpdf
_u
942 _cKNG
_n0
_03
944 _aCR
_c13.06.2004
_k30576
_lЦветомила Тодорова
944 _aED
_c05.09.2008
_k
999 _c59224
_d59224